000 00399pam a2200145 a 4500
020 _a0393968855
040 _cDLC
082 0 0 _a940 WWN 1996 A099 Or.
100 1 _aMerriman, John M.
245 1 2 _aA history of modern Europe :
_bfrom the Renaissance to the present /
250 _a1st ed.
260 _aNew York :
_bW.W. Norton,
_cc1996.
300 _axxxiv, 1515 p. :
_bill. ;
_c24 cm.
942 _cEK
999 _c11657
_d11657